|
|
|
|
| LEADER |
00000cam a2200000 a 4500 |
| 001 |
37261 |
| 003 |
Ucuenca |
| 005 |
20230308183159.0 |
| 008 |
000000|1964 ec |||||r|||||||||||spa|| |
| 040 |
|
|
|b spa
|
| 041 |
1 |
|
|a es
|
| 082 |
0 |
|
|a 001.42
|
| 100 |
1 |
|
|a Baquerizo Amador, Luis.
|9 83332
|
| 245 |
|
4 |
|a Los trabajos científicos: orientación para la preparación de escritos y presentación de publicaciones en ciencias médicas
|c Luis Baquerizo A.
|h imp
|
| 264 |
|
|
|a Guayaquil
|b Universidad de Guayaquil
|c 1964
|
| 300 |
|
|
|a 46 páginas:
|c 22 cm
|
| 504 |
|
|
|a incl. ref.
|
| 650 |
|
|
|a Escritos medicos
|9 21140
|
| 650 |
|
0 |
|a Metodología
|9 7393
|
| 650 |
|
4 |
|a Investigación
|9 10521
|
| 650 |
|
0 |
|a Ciencias médicas
|9 63588
|
| 852 |
|
|
|a UC-CDJBV
|f Donación
|l 1
|m General
|p 00000000
|r 2
|t 37261
|b 0
|d CDRC
|e CDRC
|g 658.386 ESTANTERIA CERRADA
|z 0000-00-00
|
| 942 |
|
|
|c BK
|2 ddc
|r bladimir.cabrerar@ucuenca.edu.ec
|
| 999 |
|
|
|c 62147
|d 62147
|